000 01502cam a2200421 i 4500
001 4188981
003 OSt
005 20250901165802.0
008 810731t19801980nyu 000 1 eng
010 _a 80006673
020 _a0877952833
040 _aDLC
_beng
_erda
_cDLC
_dDLC
042 _apcc
050 0 0 _aPS 3553 .H33 D3 1980
_bD3 1980
051 _aPS3553.H33
_bD3 1980 Copy 3
_cIn original illustrated dust jacket.
082 0 0 _a813/.54
_219
100 1 _aCharyn, Jerome,
_eauthor.
245 1 0 _aDarlin' Bill :
_ba love story of the Wild West /
_cby Jerome Charyn.
264 1 _aNew York :
_bArbor House,
_c[1980]
264 4 _c©1980
300 _a300 pages ;
_c22 cm
336 _atext
_btxt
_2rdacontent
337 _aunmediated
_bn
_2rdamedia
338 _avolume
_bnc
_2rdacarrier
500 _aDust jacket illustration by Loretta Trezzo Braren.
500 _a"Other books by Jerome Charyn" on page facinig title page.
600 1 0 _aHickok, Wild Bill,
_d1837-1876
_vFiction.
650 0 _aPeace officers
_vFiction.
655 7 _aBiographical fiction.
_2lcgft
655 7 _aWestern stories.
_2gsafd
655 7 _aWestern fiction.
_2lcgft
655 7 _aRomance fiction.
_2lcgft
655 7 _aDust jackets (Binding)
_zNew York (State)
_zNew York
_y20th century.
_2rbbin
700 1 _aBraren, Loretta Trezzo,
_eillustrator.
710 2 _aLarry Dingman Western Fiction Collection (Library of Congress)
_5DLC
906 _a7
_bcbc
_corignew
_d2
_eocip
_f19
_gy-gencatlg
942 _2lcc
_cBK
999 _c9226
_d9226